Zwischen den Zeiten : der leidende Heiland in der Dornau (Thenneberg) /

"Die Wallfahrtskirche in der Dornau (Thenneberg) im oberen Triestingtal ist ein relativ spätes, in seiner Art jedoch einzigartiges Zeugnis barocker Frömmigkeit. Gewissermaßen am Ende der einen und am Anfang der anderen Epoche erbaut, steht sie zwischen den Zeiten: dem von der Gegenreformation g...

Full description

Saved in:
Bibliographic Details
Other Authors: Aigner, Thomas, 1973- (Editor), Gamerith, Andreas, 1980- (Editor), Satran, Erich, (Illustrator)
Format: Book
Language:German
Published: St. Pölten : Diözesanarchiv St. Pölten, 2014.
Series:M.CellA ; 1.
Subjects:
Tags: Add Tag
No Tags, Be the first to tag this record!
LEADER 02749cam a2200433Ii 4500
001 014388367-4
005 20150902090851.0
008 150617s2014 au a b 000 0 ger
010 |a  2015400838 
020 |a 9783901863455 
020 |a 3901863451 
024 3 |a 9783901863455 
035 0 |a ocn911092093 
040 |a JPG  |b eng  |e rda  |c JPG  |d STF  |d DLC  |d COD 
043 |a e-au--- 
044 |c XA-DE 
050 4 |a ND2743  |b .Z85x 2014 
245 0 0 |a Zwischen den Zeiten :  |b der leidende Heiland in der Dornau (Thenneberg) /  |c Thomas Aigner, Andreas Gamerith (hg.) ; mit bildern von Erich Satran. 
264 1 |a St. Pölten :  |b Diözesanarchiv St. Pölten,  |c 2014. 
300 |a 128 pages :  |b illustrations (chiefly color) ;  |c 22 x 22 cm. 
336 |a text  |2 rdacontent 
336 |a still image  |2 rdacontent 
337 |a unmediated  |2 rdamedia 
338 |a volume  |2 rdacarrier 
490 1 |a M.CellA ;  |v 1 
504 |a Includes bibliographical references. 
505 0 0 |g Vorwort --  |t Vom Bildstock zur Wallfahrtskirche : von der Gegenreformation zum aufgeklärten Staatskirchentum /  |r von Thomas Aigner --  |t Beschreibung der Kirche 1841 /  |r von Lokalkaplan Wenzel Adolf Muller (1841-1853) --  |t Malerei an der Zeitenwende : die Fresken des Trogerschülers Franz Zoller (1726-1778) /  |r von Andreas Gamerith --  |t Nachsatz --  |t Die Restaurierung 2008-2014 /  |r von Patrick Schicht --  |t "Wer das Heil erlangen will, der begibt sich auf die Pilgerreise" /  |r von Harald Gnilsen --  |g Quellen- und Literaturverzeichnis. 
520 |a "Die Wallfahrtskirche in der Dornau (Thenneberg) im oberen Triestingtal ist ein relativ spätes, in seiner Art jedoch einzigartiges Zeugnis barocker Frömmigkeit. Gewissermaßen am Ende der einen und am Anfang der anderen Epoche erbaut, steht sie zwischen den Zeiten: dem von der Gegenreformation geprägten Barock mit all seinen prächtigen Ausformungen und dem aufgeklärten,eher nüchternen Staatskirchentum des Josephinismus. Das vorliegende Buch entreißt dieses Kulturdenkmal einer isolierten Sicht und macht die historischen und kunsthistorischen Zusammenhänge deutlich. Neben einer Einordnung in den Rahmen des Bauherrn, des Abtes und seines Stiftes in (Klein-) Mariazell in Österreich, liegt ein Schwerpunkt auf der Erörterung der Frage, wie die Fresken zustande kamen und was sie uns sagen möchten."--Book jacket. 
650 0 |a Mural painting and decoration  |z Austria. 
653 |a (Produktform)Hardback 
653 |a (VLB-WN)1550: Hardcover, Softcover / Geschichte 
700 1 |a Aigner, Thomas,  |d 1973-  |e editor. 
700 1 |a Gamerith, Andreas,  |d 1980-  |e editor. 
700 1 |a Satran, Erich,  |e illustrator. 
830 0 |a M.CellA ;  |v 1. 
899 |a 415_565345 
988 |a 20150523 
049 |a HLSS 
906 |0 OCLC